Logos for Each Color - Statistics

General Stats
  • This quiz has been taken 41 times
  • The average score is 22 of 25
Answer Stats
Picture Answer % Correct
Facebook
100%
Starbucks
100%
YouTube
100%
Dunkin Donuts
97%
Instagram
97%
McDonald's
97%
Monster
97%
Spotify
97%
Twitter
97%
Whatsapp
97%
Xbox
97%
Yahoo
97%
Snapchat
95%
Taco Bell
95%
T-Mobile
89%
Android
87%
Lacoste
84%
Subaru
84%
Discord
79%
Kahoot
79%
Rockstar
79%
Baskin Robins
71%
Tinder
71%
Sound Cloud
66%
Skoda
58%
No matching quizzes found
Score Distribution
Percent of People with Each Score
Percentile by Number Answered
Your Score History
You have not taken this quiz